Financial accounting and reporting : a global perspective
Сохранить в:
| Главный автор: | |
|---|---|
| Другие авторы: | , |
| Формат: | |
| Опубликовано: |
Australia
Cengage learning,
c 2024
|
| Редактирование: | 7th ed. |
| Предметы: | |
| Метки: |
Добавить метку
Нет меток, Требуется 1-ая метка записи!
|
MARC
| LEADER | 00000nam a22000007a 4500 | ||
|---|---|---|---|
| 005 | 20250522070059.0 | ||
| 020 | |a 9781473791336 |c TZS184334/= | ||
| 040 | |a MUL |b eng. |e AACR | ||
| 082 | |a 657.3 STO | ||
| 100 | |a STOLOWY, H | ||
| 245 | |a Financial accounting and reporting : |b a global perspective |c / Hervé Stolowy, Yuan Ding and Luc Paugam | ||
| 250 | |a 7th ed. | ||
| 260 | |a Australia |b Cengage learning, |c c 2024 | ||
| 300 | |a xxvii, 714p. : |b ill. ; |c 27 cm. | ||
| 504 | |a Includes index | ||
| 650 | |a Accounting | ||
| 650 | |a Accounts-reports | ||
| 700 | |a Ding,Y | ||
| 700 | |a PAUGAM, L. | ||
| 942 | |c BK | ||
| 999 | |c 10915 |d 10915 | ||